Normal view
MARC view
Entry Personal Name
001 - CONTROL NUMBER
- control field: 23498
003 - CONTROL NUMBER IDENTIFIER
- control field: dpl
005 - DATE AND TIME OF LATEST TRANSACTION
- control field: 20101013145010.0
008 - FIXED-LENGTH DATA ELEMENTS
- fixed length control field: 101013|||a|||||| | ||| d
040 ## - CATALOGING SOURCE
- Original cataloging agency: dpl
- Transcribing agency: dpl
100 ## - HEADING--PERSONAL NAME
- Personal name: Ray, Aniruddha
670 ## - SOURCE DATA FOUND
- Source citation: Work cat.: (dpl)42778: Ray, Aniruddha, Bareilly rising of 1857-1859 and the bengali babu /, 2010
670 ## - SOURCE DATA FOUND
- Source citation: Work cat.: (dpl)42778: Ray, Aniruddha, Bareilly rising of 1857-1859 and the bengali babu /, 2010
